[Event "Hannover-ch U18"]
[Site "Lehrte"]
[Date "2010.10.10"]
[Round "3"]
[White "Karnbach, Oliver"]
[Black "Hapke, Nils"]
[Result "0-1"]
[WhiteElo "1390"]
[BlackElo "1545"]
[PlyCount "126"]
[EventDate "2010.10.09"]
[EventType "swiss"]
[EventRounds "7"]
[EventCountry "GER"]
[SourceTitle "EXT 2021"]
[Source "ChessBase"]
[SourceDate "2020.10.23"]
[SourceVersion "1"]
[SourceVersionDate "2020.10.23"]
[SourceQuality "1"]

1. e4 e6 2. d4 d5 3. exd5 exd5 4. Nf3 Bd6 5. Bd3 Nc6 6. Qe2+ Nge7 7. Bg5 f6 8. Bh4 g5 9. Bg3 g4 10. Nh4 Nxd4 11. Qd2 Ndf5 12. Qe2 Nxg3 13. hxg3 Be5 14. c3 Be6 15. Nd2 Qd7 16. Nb3 0-0-0 17. Nc5 Qc6 18. Nxe6 Qxe6 19. 0-0-0 Qd7 20. Rhe1 Rde8 21. Qe3 Kb8 22. Bc2 c6 23. Re2 Bd6 24. Rde1 b6 25. Qh6 Be5 26. f4 gxf3 27. Nxf3 Bxg3 28. Rf1 Qd6 29. Qg7 Bf4+ 30. Kb1 Ng6 31. Bxg6 hxg6 32. Rxe8+ Rxe8 33. Qxg6 Rd8 34. Qf5 Be5 35. Kc2 Re8 36. Qg6 Qe6 37. Re1 Kc7 38. g4 Kd6 39. Nd4 Qd7 40. Nf5+ Kc7 41. Kd3 c5 42. g5 fxg5 43. Qxg5 Bd6 44. Rxe8 Qxe8 45. Nxd6 Kxd6 46. Qf6+ Qe6 47. Qf8+ Qe7 48. Qb8+ Kc6 49. Qa8+ Qb7 50. Qe8+ Kd6 51. Qf8+ Ke6 52. Qh6+ Kf5 53. Qh5+ Kf6 54. Qh6+ Ke5 55. Qh8+ Kd6 56. Qf6+ Kc7 57. Qe7+ Kc6 58. Qxb7+ Kxb7 59. b4 Kc6 60. a4 a6 61. a5 cxb4 62. cxb4 bxa5 63. bxa5 Kb5 0-1

[Event "Vellmar op 1st"]
[Site "Vellmar"]
[Date "2009.08.02"]
[Round "6"]
[White "Breiter, Juergen"]
[Black "Karnbach, Oliver"]
[Result "0-1"]
[WhiteElo "1353"]
[BlackElo "1213"]
[PlyCount "84"]
[EventDate "2009.07.30"]
[EventType "swiss"]
[EventRounds "7"]
[EventCountry "GER"]
[SourceTitle "EXT 2018"]
[Source "ChessBase"]
[SourceDate "2017.10.13"]
[SourceVersion "1"]
[SourceVersionDate "2017.10.13"]
[SourceQuality "1"]

1. Nf3 Nf6 2. d4 d5 3. e3 Bf5 4. Nbd2 e6 5. Nh4 Bg4 6. Be2 Bxe2 7. Qxe2 Bd6 8. h3 c5 9. Qb5+ Qd7 10. Qxd7+ Nbxd7 11. Nhf3 0-0 12. 0-0 Rfc8 13. c3 c4 14. b3 cxb3 15. axb3 Rxc3 16. Ba3 Bxa3 17. Rxa3 h6 18. Rfa1 a6 19. b4 Rxa3 20. Rxa3 Rc8 21. Ra1 Nb8 22. Ne5 Rc2 23. Nef3 Rb2 24. Rb1 Rxb1+ 25. Nxb1 Nc6 26. b5 axb5 27. Nfd2 Ne8 28. Nb3 b6 29. Kf1 Kf8 30. Ke2 Nd6 31. f3 Na5 32. N3d2 Ndc4 33. e4 Nxd2 34. Kxd2 Ke7 35. Kc3 Nc6 36. g4 g5 37. Nd2 b4+ 38. Kd3 Na5 39. Kc2 Kd6 40. Nb3 Kc6 41. e5 Nxb3 42. Kxb3 Kb5 0-1